The fifth season / N. K. Jemisin.
Available copies
- 2 of 3 copies available at LARL/NWRL Consortium. (Show)
- 1 of 2 copies available at Lake Agassiz Regional Library.
Current holds
0 current holds with 3 total copies.
Show All Copies
| Location | Call Number / Copy Notes | Barcode | Shelving Location | Status | Due Date |
|---|---|---|---|---|---|
| Breckenridge Public Library | SF JEM (Text) | 33500013469911 | Main | Available | - |
Record details
- ISBN: 9780316229296
- ISBN: 0316229296
- Physical Description: 498 pages : map ; 21 cm.
- Edition: First edition.
- Publisher: New York : Orbit, 2015.
Content descriptions
| Summary, etc.: | Three terrible things happen in a single day. ... Read More |
Search for related items by subject
| Subject: | End of the world > Fiction. Mothers and daughters > Fiction. |
| Genre: | Fantasy fiction. Apocalyptic fiction. Fantasy fiction. |
Search for related items by series
| LDR | 02400cam a22004098i 4500 | ||
|---|---|---|---|
| 001 | 185472 | ||
| 003 | LARL_NWRL_CONSORTIUM | ||
| 005 | 20211004143815.0 | ||
| 008 | 150126s2015 nyub 000 1 eng | ||
| 010 | . | ‡a2015002138 | |
| 020 | . | ‡a9780316229296 ‡q(trade pbk.) | |
| 020 | . | ‡a0316229296 ‡q(trade pbk.) | |
| 035 | . | ‡a(OCoLC)900869607 | |
| 040 | . | ‡aDLC ‡beng ‡erda ‡cDLC ‡dTOH ‡dYDXCP ‡dBTCTA ‡dBDX ‡dQX9 ‡dOPW ‡dIK2 ‡dOCLCO ‡dVTL ‡dOCLCO | |
| 042 | . | ‡apcc | |
| 082 | 0 | 0. | ‡a813/.6 ‡223 |
| 100 | 1 | . | ‡aJemisin, N. K. ‡0(LARL_NWRL_CONSORTIUM)200154 |
| 245 | 1 | 4. | ‡aThe fifth season / ‡cN. K. Jemisin. |
| 246 | 3 | . | ‡a5th season |
| 250 | . | ‡aFirst edition. | |
| 264 | 1. | ‡aNew York : ‡bOrbit, ‡c2015. | |
| 300 | . | ‡a498 pages : ‡bmap ; ‡c21 cm. | |
| 336 | . | ‡atext ‡2rdacontent | |
| 337 | . | ‡aunmediated ‡2rdamedia | |
| 338 | . | ‡avolume ‡2rdacarrier | |
| 490 | 0 | . | ‡aBroken earth ; ‡v1 |
| 520 | . | ‡aThree terrible things happen in a single day. Essun, masquerading as an ordinary schoolteacher in a quiet small town, comes home to find that her husband has brutally murdered their son and kidnapped their daughter. Mighty Sanze, the empire whose innovations have been civilization's bedrock for a thousand years, collapses as its greatest city is destroyed by a madman's vengeance. And worst of all, across the heartland of the world's sole continent, a great red rift has been been torn which spews ash enough to darken the sky for years. Or centuries. But this is the Stillness, a land long familiar with struggle, and where orogenes -- those who wield the power of the earth as a weapon -- are feared far more than the long cold night. Essun has remembered herself, and she will have her daughter back. She does not care if the world falls apart around her. Essun will break it herself, if she must, to save her daughter. | |
| 650 | 0. | ‡aEnd of the world ‡vFiction. ‡0(LARL_NWRL_CONSORTIUM)164795 | |
| 650 | 0. | ‡aMothers and daughters ‡vFiction. ‡0(LARL_NWRL_CONSORTIUM)166030 | |
| 655 | 7. | ‡aFantasy fiction. ‡2lcgft | |
| 655 | 7. | ‡aApocalyptic fiction. ‡2lcgft | |
| 655 | 7. | ‡aFantasy fiction. ‡2gsafd | |
| 901 | . | ‡a185472 ‡bOCLC ‡c185472 ‡tbiblio | |

Add to basket
Permalink
Disable Highlighting